Arquitectura i arquitectos madrileños del siglo XIX / Pedro Navascués Palacio ; prólogo de Fernando Chueca Goitia
Descripción Física:
XX, 391 p., LX làm. ; 25 cm
Colección:
Biblioteca de estudios madrileños ; 17
Otros Autores:
Chueca Goitia, Fernando, pr
MARC
| LEADER | 00000nam a2200000Ia 4500 | ||
|---|---|---|---|
| 001 | 1066 | ||
| 003 | BGR | ||
| 005 | 20260324175407.0 | ||
| 008 | 160829s1973 xx 000 0 cat d | ||
| 080 | |a B-1-117 | ||
| 100 | |a Navascués Palacio, Pedro |9 30972 | ||
| 245 | |a Arquitectura i arquitectos madrileños del siglo XIX / Pedro Navascués Palacio ; prólogo de Fernando Chueca Goitia | ||
| 260 | |a Madrid : |b Instituto de Estudios Madrileños, |c 1973 | ||
| 300 | |a XX, 391 p., LX làm. ; |c 25 cm | ||
| 490 | |a Biblioteca de estudios madrileños ; 17 | ||
| 650 | |a Arquitectura |x Madrid |x S. XIX |9 30973 | ||
| 650 | |a Arquitectes |x Madrid |x S. XIX |9 30974 | ||
| 700 | |a Chueca Goitia, Fernando, pr. |9 30975 | ||
| 710 | 1 | |a Instituto de Estudios Madrileños |9 71149 | |
| 901 | |a Arxiu | ||
| 942 | |n 1 |2 udc |c MON | ||
| 952 | |0 0 |1 0 |4 0 |6 B1117 |7 1 |9 45587 |a Arxiu |b Arxiu |d 2016-12-01 |l 0 |o B-1-117 |p 1066 |r 2016-12-01 00:00:00 |w 2016-12-01 |y ARXIU | ||
| 999 | |c 48755 |d 48755 | ||